LEADER 00785nas a2200169 i 4500 001 000000020367 003 CaOOAMICUS 005 20180830125444.0 008 180830s2008 fr u0 und u 040 $aSeMil$bita 245 13$aLa bibliothèque de Qumran /$ccoll. en 9 volumes, à l'initiative de André Paul ; textes établis, traduits, introduits et annotés par une équipe internationale de chercheurs francophones. 260 $aParis :$bLes Éditions du Cerf,$c2008. 300 $av. ;$c24 cm. 500 $aL'opera viene pubblicata in edizione italiana da EDB. 700 1 $aPaul, André <1933- >.$0(OLS)http://semarc/name/1282 996 $6245$aLa bibliothèque de Qumran$9(OLS)http://semarc/title/26833 996 $6260$aParis :$bLes Éditions du Cerf$9(OLS)http://semarc/publisher/29611 LEADER 00779nam a2200169 i 4500 001 000000048458 003 CaOOAMICUS 005 20121106000000.0 008 121106s1899 xx u000 u lat u 013 $a19628 040 $aSeMil$bita 245 10$aTheologia catholica :$btempore medii aevi : ab anno 1109-1563. 300 $aVII, 1356 col., CCLV p. 773 0 $aHurter, Hugo $tNomenclator literarius theologiae catholicae theologos exhibens aetate, natione, disciplinis distinctos.$dOeniponte : Libraria Academica Wagneriana, 1892-1899.$g4$w()27374 850 $aSeMil 852 $aSeMil$W1$xVenegono$y1$m2C III 98 FA$j14613$B14613$CSeMilBibl$Z2$F14613 $8I 996 $6245$aTheologia catholica :$btempore medii aevi : ab anno 1109-1563$9(OLS)http://semarc/title/73347